[Event "Liga Madrileña - DH 2012-2013"]
[Site "Madrid ESP"]
[Date "2013.01.27"]
[Round "7.12"]
[White "Fernandez Lledo, Javier"]
[Black "Arruebarrena, Rafael"]
[Result "1-0"]
[WhiteElo "2238"]
[BlackElo "2245"]
[PlyCount "85"]
[EventDate "2012.11.18"]
[EventRounds "14"]
[EventCountry "ESP"]
[Source "lmi"]
[SourceDate "2012.11.18"]
[WhiteTeam "Pueblo Nuevo"]
[BlackTeam "Cafe Comercial"]
[WhiteTeamCountry "ESP"]
[BlackTeamCountry "ESP"]

1. Nf3 Nf6 2. c4 g6 3. Nc3 d5 4. e3 Bg7 5. Be2 O-O 6. O-O c5 7. cxd5 Nxd5 8. a3
Nc6 9. Qc2 b6 10. d3 Bb7 11. Bd2 Rc8 12. Rac1 Qd7 13. Rfd1 Nd4 14. exd4 cxd4
15. Qb3 dxc3 16. bxc3 Qd6 17. Bf1 Rfd8 18. d4 Nf4 19. Ne1 Bh6 20. g3 e5 21.
gxf4 exd4 22. Bg2 Ba6 23. cxd4 Be2 24. Rxc8 Rxc8 25. Rc1 Rxc1 26. Bxc1 Qxd4 27.
Qe3 Qd1 28. Qd2 Qxd2 29. Bxd2 Bf8 30. Bc1 b5 31. Bf1 Bxf1 32. Kxf1 a5 33. Nd3
f5 34. Ne5 Bd6 35. Ke2 g5 36. Nc6 gxf4 37. Nd4 b4 38. a4 f3+ 39. Kxf3 Bxh2 40.
Bf4 Bg1 41. Kg2 Bxf2 42. Kxf2 Kf7 43. Bd2 1-0

[Event "Liga Madrileña - DH 2012-2013"]
[Site "Madrid ESP"]
[Date "2013.01.27"]
[Round "7.13"]
[White "Castellanos Vazquez, Jorge"]
[Black "Navarro Nicolas, Victor Manuel"]
[Result "1-0"]
[WhiteElo "2191"]
[BlackElo "2211"]
[PlyCount "109"]
[EventDate "2012.11.18"]
[EventRounds "14"]
[EventCountry "ESP"]
[Source "lmi"]
[SourceDate "2012.11.18"]
[WhiteTeam "Cafe Comercial"]
[BlackTeam "Pueblo Nuevo"]
[WhiteTeamCountry "ESP"]
[BlackTeamCountry "ESP"]

1. e4 c6 2. c4 d5 3. cxd5 cxd5 4. exd5 Nf6 5. Bb5+ Nbd7 6. Nc3 a6 7. Qa4 Rb8 8.
Bxd7+ Qxd7 9. Qf4 Ra8 10. Nf3 Nxd5 11. Nxd5 Qxd5 12. O-O g6 13. Re1 Bg7 14. d4
e6 15. Bd2 O-O 16. Bb4 Rd8 17. Be7 Rd7 18. Bc5 Qf5 19. Qh4 Bf6 20. Qg3 Bd8 21.
Ne5 Rd5 22. Ng4 Kg7 23. Ne3 Qg5 24. Nxd5 Qxd5 25. Qa3 Bf6 26. Qb3 Qxb3 27. axb3
Bd7 28. Rad1 Bc6 29. Bd6 Rc8 30. Be5 Bd5 31. Rc1 Rd8 32. Rc7 Bc6 33. Bxf6+ Kxf6
34. Rd1 Rd5 35. f3 Rb5 36. Rd3 a5 37. Kf2 a4 38. Ke3 axb3 39. Rc3 Rh5 40. h3
Rg5 41. g4 Rb5 42. Rc5 Rb4 43. g5+ Kg7 44. Ra5 h6 45. h4 hxg5 46. hxg5 Bd5 47.
Ra8 Rc4 48. Rxc4 Bxc4 49. Rc8 Bd5 50. f4 Bc6 51. Kd2 Bd5 52. Kc3 f5 53. Rc7+
Kg8 54. Kb4 Kf8 55. Kc5 1-0

[Event "Liga Madrileña - DH 2012-2013"]
[Site "Madrid ESP"]
[Date "2013.01.27"]
[Round "7.14"]
[White "Barez Menendez, Hector"]
[Black "Bertino, Paolo"]
[Result "1-0"]
[WhiteElo "2163"]
[BlackElo "2067"]
[PlyCount "135"]
[EventDate "2012.11.18"]
[EventRounds "14"]
[EventCountry "ESP"]
[Source "lmi"]
[SourceDate "2012.11.18"]
[WhiteTeam "Pueblo Nuevo"]
[BlackTeam "Cafe Comercial"]
[WhiteTeamCountry "ESP"]
[BlackTeamCountry "ESP"]

1. d4 Nf6 2. Nf3 c5 3. e3 g6 4. Be2 Bg7 5. O-O O-O 6. dxc5 Na6 7. Bxa6 bxa6 8.
b4 a5 9. b5 Qc7 10. a4 Ne4 11. Nd4 Nxc5 12. Nd2 e5 13. N4b3 e4 14. Nxc5 Qxc5
15. Ba3 Qe5 16. Bxf8 Qxa1 17. Qxa1 Bxa1 18. Rxa1 Kxf8 19. Nxe4 d5 20. Nf6 Bf5
21. c3 Rc8 22. Nxd5 Be6 23. Nf4 Rxc3 24. Nxe6+ fxe6 25. g3 Ke7 26. Kg2 Rc4 27.
Kf3 Kd6 28. h4 Kc5 29. e4 e5 30. Ke3 Rc3+ 31. Ke2 Kd4 32. Rd1+ Kxe4 33. Rd7
Rc2+ 34. Kf1 Ra2 35. Rxh7 Rxa4 36. Rxa7 Rb4 37. Rxa5 Kf3 38. Ra3+ Ke4 39. Ra6
Kf5 40. b6 Rb2 41. Kg2 Rb3 42. f3 Rb2+ 43. Kh3 Rb3 44. Kg2 Rb2+ 45. Kf1 Rb5 46.
Ke2 Rb3 47. b7 Rb2+ 48. Kd3 Rb3+ 49. Kc4 Rxb7 50. g4+ Kf4 51. Rf6+ Kg3 52. Kd5
Kxh4 53. Rxg6 Rf7 54. Kxe5 Rxf3 55. g5 Rf1 56. Rf6 Re1+ 57. Kf5 Ra1 58. Rh6+
Kg3 59. g6 Ra5+ 60. Kf6 Ra6+ 61. Kf7 Kf4 62. g7 Ra7+ 63. Kg8 Kg5 64. Kh7 Rb7
65. Rg6+ Kf5 66. Rg1 Kf6 67. Rf1+ Kg5 68. Kh8 1-0

[Event "Liga Madrileña - DH 2012-2013"]
[Site "Madrid ESP"]
[Date "2013.01.27"]
[Round "7.15"]
[White "Beltran Redrado, Jose Antonio"]
[Black "Nunez Reiz, Antonio"]
[Result "0-1"]
[WhiteElo "2009"]
[BlackElo "2123"]
[PlyCount "96"]
[EventDate "2012.11.18"]
[EventRounds "14"]
[EventCountry "ESP"]
[Source "lmi"]
[SourceDate "2012.11.18"]
[WhiteTeam "Cafe Comercial"]
[BlackTeam "Pueblo Nuevo"]
[WhiteTeamCountry "ESP"]
[BlackTeamCountry "ESP"]

1. d4 Nf6 2. c4 e6 3. Nc3 Bb4 4. Bd2 d5 5. e3 O-O 6. Nf3 c5 7. Be2 b6 8. O-O
dxc4 9. Bxc4 Bb7 10. a3 Bxc3 11. Bxc3 Ne4 12. Rc1 Qf6 13. dxc5 Nxc3 14. Rxc3
bxc5 15. Be2 Rd8 16. Qa4 Nd7 17. Rd1 Ne5 18. Nxe5 Qxe5 19. Bf3 Bxf3 20. gxf3
Qg5+ 21. Kf1 h5 22. Rxd8+ Rxd8 23. Ke2 Qg1 24. h4 Qb1 25. Qc2 Qh1 26. Qa4 Rd5
27. Rc4 Rf5 28. Rf4 Qb1 29. Rxf5 Qxb2+ 30. Kf1 Qb1+ 31. Kg2 Qxf5 32. Qxa7 Qg6+
33. Kh2 Qc2 34. Kg3 c4 35. Qc7 c3 36. Qc6 Qg6+ 37. Kh2 Qf6 38. Kg3 Qe5+ 39. Kg2
g5 40. a4 gxh4 41. e4 Qg5+ 42. Kh2 Qd2 43. Kg2 c2 44. Qc8+ Kg7 45. Qc7 c1=Q 46.
Qe5+ Kg8 47. Qb8+ Kh7 48. Qf8 Qg5+ 0-1

[Event "Liga Madrileña - DH 2012-2013"]
[Site "Madrid ESP"]
[Date "2013.01.27"]
[Round "7.16"]
[White "Nieto de la Cruz, Julio"]
[Black "Galan Fernandez, Felix"]
[Result "1-0"]
[WhiteElo "2111"]
[BlackElo "2004"]
[PlyCount "73"]
[EventDate "2012.11.18"]
[EventRounds "14"]
[EventCountry "ESP"]
[Source "lmi"]
[SourceDate "2012.11.18"]
[WhiteTeam "Pueblo Nuevo"]
[BlackTeam "Cafe Comercial"]
[WhiteTeamCountry "ESP"]
[BlackTeamCountry "ESP"]

1. d4 Nf6 2. c4 g6 3. Nc3 Bg7 4. e4 d6 5. f4 O-O 6. Nf3 c5 7. d5 e6 8. Be2 exd5
9. cxd5 Re8 10. e5 dxe5 11. fxe5 Ng4 12. Bg5 f6 13. exf6 Bxf6 14. Bf4 Ne3 15.
Bxe3 Rxe3 16. Qd2 Qe8 17. Kf2 Re7 18. Rhe1 Qf8 19. Kg1 Bf5 20. Rad1 Nd7 21. d6
Ree8 22. Nb5 Re4 23. Nc7 Rc8 24. Qd5+ Kh8 25. Qxb7 Rb8 26. Qd5 Bxb2 27. Bb5
Rxe1+ 28. Rxe1 Nf6 29. Qb3 Bd4+ 30. Nxd4 cxd4 31. Re7 Qh6 32. Qc4 Qf4 33. Qf7
Qc1+ 34. Bf1 Qxf1+ 35. Kxf1 Rb1+ 36. Ke2 d3+ 37. Kd2 1-0

[Event "Liga Madrileña - DH 2012-2013"]
[Site "Madrid ESP"]
[Date "2013.01.27"]
[Round "7.21"]
[White "Candela Perez, Jose"]
[Black "Moreno Ruiz, Javier"]
[Result "1-0"]
[WhiteElo "2393"]
[BlackElo "2492"]
[PlyCount "93"]
[EventDate "2012.11.18"]
[EventRounds "14"]
[EventCountry "ESP"]
[Source "lmi"]
[SourceDate "2012.11.18"]
[WhiteTeam "Casa del Ajedrez"]
[BlackTeam "Collado Villalba"]
[WhiteTeamCountry "ESP"]
[BlackTeamCountry "ESP"]

1. d4 d6 2. Nf3 Nf6 3. c4 g6 4. Nc3 Bg7 5. e4 O-O 6. Be3 Na6 7. Be2 e5 8. d5
Ng4 9. Bg5 f6 10. Bh4 Nh6 11. Nd2 g5 12. Bg3 f5 13. exf5 Nxf5 14. Nde4 Nd4 15.
O-O Bf5 16. a3 Qe8 17. b4 Nxe2+ 18. Qxe2 Qg6 19. c5 Rf7 20. f3 Raf8 21. c6 g4
22. cxb7 Nb8 23. fxg4 Bxg4 24. Qc4 Bh6 25. Rxf7 Rxf7 26. Re1 Bf4 27. Nb5 Bf5
28. Nxa7 Bxg3 29. Nxg3 Bd3 30. Qh4 Rf8 31. Nc6 Qf7 32. Qg4+ Kh8 33. Qf3 Qxf3
34. gxf3 Ba6 35. Na5 Rxf3 36. Rc1 Rf7 37. a4 Bd3 38. Nc6 Nd7 39. b8=Q+ Nxb8 40.
Nxb8 e4 41. Nc6 e3 42. Re1 Bc4 43. Rxe3 Bxd5 44. Re7 Rf3 45. Rxc7 Ra3 46. a5
Ra2 47. Nf5 1-0

[Event "Liga Madrileña - DH 2012-2013"]
[Site "Madrid ESP"]
[Date "2013.01.27"]
[Round "7.22"]
[White "Reyes Larena, Juan"]
[Black "Gallego Jimenez, Victoriano"]
[Result "1/2-1/2"]
[WhiteElo "2441"]
[BlackElo "2385"]
[PlyCount "198"]
[EventDate "2012.11.18"]
[EventRounds "14"]
[EventCountry "ESP"]
[Source "lmi"]
[SourceDate "2012.11.18"]
[WhiteTeam "Collado Villalba"]
[BlackTeam "Casa del Ajedrez"]
[WhiteTeamCountry "ESP"]
[BlackTeamCountry "ESP"]

1. e4 c5 2. Nf3 d6 3. c3 Nf6 4. h3 Nc6 5. Bd3 d5 6. e5 Nd7 7. Bb5 Ndb8 8. d4
cxd4 9. cxd4 Bf5 10. Nc3 e6 11. O-O Be7 12. Re1 O-O 13. Bd3 Bg6 14. Be3 Na5 15.
b3 Nbc6 16. Bxg6 fxg6 17. Ne2 Rc8 18. Nf4 Qd7 19. a3 Nd8 20. Qd3 a6 21. Bd2
Nac6 22. Rec1 Nf7 23. Ne2 Rc7 24. b4 Rfc8 25. Be3 Na7 26. Nc3 Nb5 27. Nxb5 axb5
28. Rxc7 Rxc7 29. Nd2 Qc6 30. Rd1 Nd8 31. Nb3 Qc2 32. Qxc2 Rxc2 33. Rc1 Rc4 34.
Na5 Rxc1+ 35. Bxc1 Nc6 36. Nb3 Nb8 37. Kf1 Nc6 38. Ke2 b6 39. Kd3 Kf7 40. Bd2
Ke8 41. Nc1 Kd7 42. Ne2 Nd8 43. Nc3 Kc6 44. g3 g5 45. Ke2 Nf7 46. g4 Nh8 47.
Kf3 Ng6 48. Kg3 Bd8 49. Ne2 Be7 50. Kf3 Nh4+ 51. Ke3 Ng2+ 52. Kd3 Kd7 53. Ng3
Ke8 54. Ke2 Nh4 55. Be3 Ng6 56. Kd3 h6 57. Kc3 Kd7 58. Kb3 Kc6 59. Nh5 Bf8 60.
f4 gxf4 61. Bxf4 Nh4 62. Be3 Ng2 63. Bd2 g5 64. Kc2 Nh4 65. Kd1 Ng6 66. Ke2 Be7
67. Kf2 Kd7 68. Ng3 Nh4 69. Ne2 Ng6 70. Ng1 Nh4 71. Be3 Kc6 72. Kf1 Kd7 73. Bf2
Ng6 74. Bg3 Nh8 75. Nf3 Ng6 76. Ke2 Bd8 77. Kd3 Kc6 78. Ng1 Be7 79. Ne2 Bd8 80.
Nc3 Be7 81. Ke2 Bf8 82. Kf3 Be7 83. Nd1 Kd7 84. Ne3 Nf8 85. Ng2 Ng6 86. Bf2 Ke8
87. Be3 Bd8 88. Kf2 Be7 89. Kg1 Bd8 90. Kh2 Be7 91. Kg3 Bd8 92. Ne1 Be7 93. Kf3
Bd8 94. Ke2 Be7 95. Nf3 Bd8 96. Nd2 Be7 97. Nb1 Kd7 98. Nc3 Kc6 99. Bc1 Bf8
1/2-1/2

[Event "Liga Madrileña - DH 2012-2013"]
[Site "Madrid ESP"]
[Date "2013.01.27"]
[Round "7.23"]
[White "Bass, Leonid"]
[Black "Herrera, Irisberto"]
[Result "1-0"]
[WhiteElo "2419"]
[BlackElo "2444"]
[PlyCount "57"]
[EventDate "2012.11.18"]
[EventRounds "14"]
[EventCountry "ESP"]
[Source "lmi"]
[SourceDate "2012.11.18"]
[WhiteTeam "Casa del Ajedrez"]
[BlackTeam "Collado Villalba"]
[WhiteTeamCountry "ESP"]
[BlackTeamCountry "ESP"]

1. d4 d5 2. Nf3 c6 3. c4 Nf6 4. cxd5 cxd5 5. Nc3 e6 6. a3 Nc6 7. Bf4 Ne4 8. e3
Qa5 9. Qb3 Nxc3 10. bxc3 a6 11. Bd3 b5 12. O-O Qb6 13. a4 Na5 14. Qb2 Nc4 15.
Bxc4 dxc4 16. Rfb1 b4 17. cxb4 Bb7 18. b5 axb5 19. Qxb5+ Qxb5 20. axb5 Rc8 21.
Rc1 c3 22. Ra7 c2 23. Ne1 Bb4 24. Rxb7 Bxe1 25. Bc7 Bb4 26. Rxc2 O-O 27. g3 Ra8
28. b6 Ra1+ 29. Kg2 1-0

[Event "Liga Madrileña - DH 2012-2013"]
[Site "Madrid ESP"]
[Date "2013.01.27"]
[Round "7.24"]
[White "Garrido Dominguez, Jesus"]
[Black "Rojo Huerta, Gabriel"]
[Result "1-0"]
[WhiteElo "2400"]
[BlackElo "2356"]
[PlyCount "70"]
[EventDate "2012.11.18"]
[EventRounds "14"]
[EventCountry "ESP"]
[Source "lmi"]
[SourceDate "2012.11.18"]
[WhiteTeam "Collado Villalba"]
[BlackTeam "Casa del Ajedrez"]
[WhiteTeamCountry "ESP"]
[BlackTeamCountry "ESP"]

1. e4 c5 2. Nf3 e6 3. g3 d5 4. exd5 exd5 5. Bg2 Nc6 6. O-O Nf6 7. d4 Be7 8. Nc3
O-O 9. dxc5 d4 10. Na4 Bf5 11. b4 Nxb4 12. Nxd4 Be4 13. a3 Bxg2 14. Kxg2 Na6
15. Nb3 Qc7 16. Qf3 Nxc5 17. Bf4 Qc8 18. Naxc5 Bxc5 19. Rfd1 Re8 20. Nxc5 Qxc5
21. Qxb7 Qxc2 22. Rac1 Qa4 23. Qb4 Qa6 24. Rd6 Qe2 25. Qc4 Qh5 26. Qd3 h6 27.
h3 Ne4 28. Rd5 Qg6 29. Rc7 Rac8 30. Rxc8 Rxc8 31. f3 Nf6 32. Qxg6 fxg6 33. Ra5
Rc2+ 34. Kg1 Rc3 35. Kf2 Rc1 1-0

[Event "Liga Madrileña - DH 2012-2013"]
[Site "Madrid ESP"]
[Date "2013.01.27"]
[Round "7.25"]
[White "Elguezabal Varela, Daniel"]
[Black "Pastor Alonso de Prado, Alberto"]
[Result "1-0"]
[WhiteElo "2366"]
[BlackElo "2143"]
[PlyCount "75"]
[EventDate "2012.11.18"]
[EventRounds "14"]
[EventCountry "ESP"]
[Source "lmi"]
[SourceDate "2012.11.18"]
[WhiteTeam "Casa del Ajedrez"]
[BlackTeam "Collado Villalba"]
[WhiteTeamCountry "ESP"]
[BlackTeamCountry "ESP"]

1. d4 d5 2. c4 Bf5 3. Nf3 e6 4. Qb3 Nc6 5. cxd5 exd5 6. Nc3 Nb4 7. e4 dxe4 8.
Ng5 Nh6 9. Be3 Be7 10. Ngxe4 O-O 11. a3 Be6 12. Qd1 Nd5 13. Bxh6 gxh6 14. Be2
f5 15. Nxd5 Qxd5 16. Nc3 Qxg2 17. Bf3 Qg7 18. Qd3 Kh8 19. O-O-O c6 20. Kb1 Rad8
21. Qe3 Bb3 22. Rhg1 Bg5 23. Qd3 Bxd1 24. Rxd1 Bf6 25. Ne2 Bxd4 26. Nf4 Qe5 27.
Nh5 Bb6 28. Qe2 Rxd1+ 29. Qxd1 Qxh2 30. Qd2 Qg1+ 31. Ka2 Qg8+ 32. Kb1 Qg1+ 33.
Ka2 Qg6 34. Qc3+ Kg8 35. Bd1 Rd8 36. Bb3+ Kf8 37. Nf4 Qd6 38. Qh8+ 1-0

[Event "Liga Madrileña - DH 2012-2013"]
[Site "Madrid ESP"]
[Date "2013.01.27"]
[Round "7.26"]
[White "Bote Alvarez-Carrasco, Valentin"]
[Black "Suarez Uriel, Adrian"]
[Result "0-1"]
[WhiteElo "2130"]
[BlackElo "2241"]
[PlyCount "82"]
[EventDate "2012.11.18"]
[EventRounds "14"]
[EventCountry "ESP"]
[Source "lmi"]
[SourceDate "2012.11.18"]
[WhiteTeam "Collado Villalba"]
[BlackTeam "Casa del Ajedrez"]
[WhiteTeamCountry "ESP"]
[BlackTeamCountry "ESP"]

1. Nf3 g6 2. c4 Nf6 3. Nc3 Bg7 4. e4 c5 5. g3 Nc6 6. Bg2 O-O 7. d3 d6 8. O-O
Nd7 9. Bg5 h6 10. Be3 Nd4 11. Rb1 Kh7 12. Ne2 e5 13. Nfxd4 cxd4 14. Bc1 a5 15.
b3 Nc5 16. a3 Bd7 17. a4 f5 18. Ba3 fxe4 19. dxe4 b6 20. Nc1 Bc6 21. Qe2 h5 22.
Nd3 Bh6 23. h4 Ra7 24. Bxc5 bxc5 25. Rb2 Raf7 26. Re1 Bd7 27. Rf1 Bg4 28. f3
Be3+ 29. Kh2 Be6 30. Bh3 Bxh3 31. Kxh3 g5 32. hxg5 Qxg5 33. Rc2 Rg8 34. Qh2
Rfg7 35. Rg2 Rg6 36. Qh1 Rb8 37. Rb1 Qg4+ 38. fxg4 hxg4+ 39. Kh4 Rbg8 40. Nf4
Rh6+ 41. Nh5 Rg5 0-1

[Event "Liga Madrileña - DH 2012-2013"]
[Site "Madrid ESP"]
[Date "2013.01.27"]
[Round "7.32"]
[White "Alarcia Astriz, Carlos"]
[Black "Taboas Rodriguez, Daniel"]
[Result "1/2-1/2"]
[WhiteElo "2335"]
[BlackElo "2404"]
[PlyCount "68"]
[EventDate "2012.11.18"]
[EventRounds "14"]
[EventCountry "ESP"]
[Source "lmi"]
[SourceDate "2012.11.18"]
[WhiteTeam "Blanco y Negro"]
[BlackTeam "64 Villalba"]
[WhiteTeamCountry "ESP"]
[BlackTeamCountry "ESP"]

1. e4 e5 2. Nf3 Nc6 3. Bc4 Nf6 4. d3 Bc5 5. O-O d6 6. c3 Qe7 7. Nbd2 a6 8. Bb3
h6 9. Nc4 O-O 10. Ne3 Bxe3 11. Bxe3 Kh8 12. h3 Nh7 13. Re1 f5 14. exf5 Bxf5 15.
d4 e4 16. Nd2 Rae8 17. Qh5 Bd7 18. Qe2 Qh4 19. f3 exf3 20. Nxf3 Qg3 21. Qf2
Qxf2+ 22. Kxf2 Na5 23. Bc2 Nc4 24. b3 Nxe3 25. Rxe3 Rxe3 26. Kxe3 g5 27. h4
gxh4 28. Nxh4 Kg7 29. Ng6 Re8+ 30. Kd2 Nf6 31. Re1 Rxe1 32. Kxe1 Nd5 33. Kd2
Kf6 34. Be4 Bc6 1/2-1/2

[Event "Liga Madrileña - DH 2012-2013"]
[Site "Madrid ESP"]
[Date "2013.01.27"]
[Round "7.33"]
[White "Bolado Saez, Sergio"]
[Black "Martinez Lozano, Miguel Angel"]
[Result "0-1"]
[WhiteElo "2388"]
[BlackElo "2230"]
[PlyCount "68"]
[EventDate "2012.11.18"]
[EventRounds "14"]
[EventCountry "ESP"]
[Source "lmi"]
[SourceDate "2012.11.18"]
[WhiteTeam "64 Villalba"]
[BlackTeam "Blanco y Negro"]
[WhiteTeamCountry "ESP"]
[BlackTeamCountry "ESP"]

1. c4 Nf6 2. Nf3 g6 3. g3 Bg7 4. Bg2 O-O 5. O-O d6 6. d4 Nbd7 7. Nc3 e5 8. h3
Re8 9. e4 c6 10. Be3 a5 11. Qc2 a4 12. Rab1 exd4 13. Nxd4 Nc5 14. b4 axb3 15.
Nxb3 Nfd7 16. Rfe1 Ne5 17. Nxc5 dxc5 18. Na4 Qd3 19. Qb3 Qxb3 20. axb3 Nxc4 21.
Nxc5 Nxe3 22. fxe3 Ra2 23. b4 Bc3 24. Red1 Bd2 25. Kh1 Bxe3 26. Nd3 Be6 27. g4
Kg7 28. Re1 Bd2 29. Red1 h5 30. gxh5 Rh8 31. Nc5 Bc8 32. hxg6 Bxh3 33. Bxh3 Be3
34. Ne6+ fxe6 0-1

[Event "Liga Madrileña - DH 2012-2013"]
[Site "Madrid ESP"]
[Date "2013.01.27"]
[Round "7.34"]
[White "Rivas Vila, David"]
[Black "Renteria Becerra, Jorge Elicer"]
[Result "0-1"]
[WhiteElo "2213"]
[BlackElo "2300"]
[PlyCount "76"]
[EventDate "2012.11.18"]
[EventRounds "14"]
[EventCountry "ESP"]
[Source "lmi"]
[SourceDate "2012.11.18"]
[WhiteTeam "Blanco y Negro"]
[BlackTeam "64 Villalba"]
[WhiteTeamCountry "ESP"]
[BlackTeamCountry "ESP"]

1. e4 c5 2. Nc3 Nc6 3. Nge2 g6 4. d4 cxd4 5. Nxd4 Bg7 6. Be3 Nf6 7. Nb3 O-O 8.
Be2 a5 9. a4 Nb4 10. e5 Ne8 11. f4 d6 12. O-O Bd7 13. Bd4 Nc6 14. Nd5 Nxd4 15.
Qxd4 Bc6 16. Nb6 dxe5 17. fxe5 Bxe5 18. Qxe5 Qxb6+ 19. Kh1 Qc7 20. Qg5 Ng7 21.
Bd3 e5 22. Nd2 f5 23. Bc4+ Kh8 24. Ra3 Nh5 25. Rc3 Qd8 26. Qe3 e4 27. Nb3 f4
28. Qc5 Rf5 29. Qd4+ Ng7 30. Rh3 Qg5 31. Bb5 Rd8 32. Qc3 Bd5 33. Nd4 Rff8 34.
Be2 Rc8 35. Qxa5 f3 36. Nxf3 exf3 37. Rhxf3 Ne6 38. c4 Bxf3 0-1

[Event "Liga Madrileña - DH 2012-2013"]
[Site "Madrid ESP"]
[Date "2013.01.27"]
[Round "7.35"]
[White "Lopez del Alamo, Antonio"]
[Black "Aguado Solana, Juan"]
[Result "1-0"]
[WhiteElo "2241"]
[BlackElo "2082"]
[PlyCount "49"]
[EventDate "2012.11.18"]
[EventRounds "14"]
[EventCountry "ESP"]
[Source "lmi"]
[SourceDate "2012.11.18"]
[WhiteTeam "64 Villalba"]
[BlackTeam "Blanco y Negro"]
[WhiteTeamCountry "ESP"]
[BlackTeamCountry "ESP"]

1. e4 c5 2. Nf3 d6 3. d4 cxd4 4. Nxd4 Nf6 5. Nc3 a6 6. Be3 e6 7. f3 b5 8. a4 b4
9. Na2 d5 10. e5 Nfd7 11. f4 Nb6 12. b3 a5 13. f5 Qh4+ 14. Bf2 Qe4+ 15. Be2 Bc5
16. O-O O-O 17. f6 Qxe5 18. fxg7 Qxg7 19. c3 bxc3 20. Rc1 e5 21. Rxc3 Qh6 22.
Rxc5 exd4 23. Bxd4 N8d7 24. Rc3 f6 25. Rh3 1-0

[Event "Liga Madrileña - DH 2012-2013"]
[Site "Madrid ESP"]
[Date "2013.01.27"]
[Round "7.41"]
[White "Valles Moreno, Ivan"]
[Black "Anton Guijarro, David"]
[Result "0-1"]
[WhiteElo "2382"]
[BlackElo "2559"]
[PlyCount "88"]
[EventDate "2012.11.18"]
[EventRounds "14"]
[EventCountry "ESP"]
[Source "lmi"]
[SourceDate "2012.11.18"]
[WhiteTeam "Amigos del Retiro"]
[BlackTeam "Virgen de Atocha"]
[WhiteTeamCountry "ESP"]
[BlackTeamCountry "ESP"]

1. e4 e6 2. d4 d5 3. Nc3 Nf6 4. Bg5 Be7 5. e5 Nfd7 6. Bxe7 Qxe7 7. f4 a6 8. Qg4
f5 9. exf6 Nxf6 10. Qh4 c5 11. dxc5 Qxc5 12. O-O-O b5 13. Bd3 O-O 14. Nf3 b4
15. Ne2 a5 16. Ned4 a4 17. Rhe1 a3 18. b3 Nc6 19. Nxc6 Qxc6 20. Re3 Qc5 21. Nd4
Ra7 22. Qe1 Re7 23. c3 Ng4 24. Rh3 h6 25. Bc2 e5 26. cxb4 Qd6 27. Nb5 Qc6 28.
Nc3 d4 29. b5 Qb7 30. Be4 Qc7 31. b6 Qc5 32. Kb1 dxc3 33. Rxc3 Qxb6 34. Rdc1
Bb7 35. h3 Bxe4+ 36. Qxe4 Nf6 37. Qc4+ Kh8 38. fxe5 Rxe5 39. Qf4 Ree8 40. Rc6
Qb5 41. Qc4 Qf5+ 42. Qc2 Ne4 43. Ka1 Qe5+ 44. Kb1 Rf2 0-1

[Event "Liga Madrileña - DH 2012-2013"]
[Site "Madrid ESP"]
[Date "2013.01.27"]
[Round "7.42"]
[White "Almagro Llanas, Pablo"]
[Black "Vallejo Diaz, Javier"]
[Result "1/2-1/2"]
[WhiteElo "2442"]
[BlackElo "2401"]
[PlyCount "170"]
[EventDate "2012.11.18"]
[EventRounds "14"]
[EventCountry "ESP"]
[Source "lmi"]
[SourceDate "2012.11.18"]
[WhiteTeam "Virgen de Atocha"]
[BlackTeam "Amigos del Retiro"]
[WhiteTeamCountry "ESP"]
[BlackTeamCountry "ESP"]

1. d4 d5 2. c4 c6 3. Nf3 Nf6 4. Nc3 e6 5. Bg5 Be7 6. e3 Nbd7 7. Qc2 O-O 8. cxd5
exd5 9. Bd3 h6 10. Bf4 Re8 11. O-O Nh5 12. Nxd5 Nxf4 13. Nxf4 Nf6 14. Bc4 Bd6
15. Nd3 Bf5 16. Qb3 Qc7 17. Nde5 Re7 18. Nh4 Bxe5 19. Nxf5 Bxh2+ 20. Kh1 Rd7
21. g3 b5 22. Bd3 g6 23. Kxh2 gxf5 24. Bxf5 Rd5 25. Qc2 h5 26. Kg2 Re8 27. Rh1
c5 28. e4 Rxd4 29. Qc1 Kf8 30. Qh6+ Ke7 31. Rhe1 Qe5 32. Re2 Ng8 33. Qxh5 Red8
34. Rh1 Nf6 35. Qh6 Rg8 36. Qh4 Ke8 37. Qh6 Rd3 38. Rh3 Ke7 39. Kh2 Rd6 40. Qh4
Rd1 41. Kg2 Ke8 42. Qh6 Ke7 43. Qe3 Rgd8 44. Qa3 R1d2 45. Rxd2 Rxd2 46. Qxa7+
Nd7 47. g4 Qxb2 48. Rf3 Qxa2 49. Qc7 Qc4 50. Qf4 Rd1 51. Bxd7 Kxd7 52. Qxf7+
Qxf7 53. Rxf7+ Kc6 54. g5 b4 55. g6 Rd8 56. Rf6+ Kb5 57. Rf7 b3 58. Rb7+ Ka4
59. g7 c4 60. Ra7+ Kb5 61. Rb7+ Ka4 62. Ra7+ Kb4 63. Rb7+ Ka3 64. Ra7+ Kb2 65.
f4 c3 66. f5 Rc8 67. f6 c2 68. f7 c1=Q 69. g8=Q Qd2+ 70. Kf3 Qd1+ 71. Kf4 Qc1+
72. Kf5 Qc5+ 73. e5 Qf2+ 74. Ke6 Rxg8 75. fxg8=Q Qxa7 76. Qg2+ Kc3 77. Qc6+ Kd4
78. Qd5+ Kc3 79. Qc6+ Kb4 80. Qd6+ Qc5 81. Qd2+ Ka3 82. Qd3 Qc8+ 83. Kf7 Ka2
84. e6 b2 85. e7 b1=Q 1/2-1/2

[Event "Liga Madrileña - DH 2012-2013"]
[Site "Madrid ESP"]
[Date "2013.01.27"]
[Round "7.43"]
[White "Garcia Cuenca, Victor Manuel"]
[Black "Rubio Mejia, Luis Ignacio"]
[Result "1/2-1/2"]
[WhiteElo "2346"]
[BlackElo "2432"]
[PlyCount "108"]
[EventDate "2012.11.18"]
[EventRounds "14"]
[EventCountry "ESP"]
[Source "lmi"]
[SourceDate "2012.11.18"]
[WhiteTeam "Amigos del Retiro"]
[BlackTeam "Virgen de Atocha"]
[WhiteTeamCountry "ESP"]
[BlackTeamCountry "ESP"]

1. d4 Nf6 2. c4 e6 3. Nc3 Bb4 4. e3 b6 5. Bd3 Bb7 6. Nf3 O-O 7. O-O c5 8. Bd2
cxd4 9. exd4 d5 10. Bg5 dxc4 11. Bxc4 Nbd7 12. Qe2 Rc8 13. Ne5 Bxc3 14. bxc3
Qc7 15. Bb3 Nxe5 16. dxe5 Qc6 17. f3 Nd7 18. Rad1 Qc5+ 19. Be3 Qc7 20. Bd4 Nc5
21. Qe3 Rfd8 22. Rd2 Rd7 23. Rfd1 Rcd8 24. Bxc5 Rxd2 25. Rxd2 Rxd2 26. Qxd2
Qxc5+ 27. Kh1 Qc7 28. Qd4 Kf8 29. Kg1 h6 30. Kf2 Ke7 31. Qb4+ Qc5+ 32. Qxc5+
bxc5 33. f4 Ba6 34. Ke3 Bf1 35. g3 a5 36. Ba4 Bc4 37. a3 f6 38. Bc6 fxe5 39.
fxe5 g5 40. h4 gxh4 41. gxh4 Kf7 42. Be4 Ke7 43. Kf4 Kf7 44. Bc2 Kf8 45. Bd1
Kf7 46. Bh5+ Kf8 47. Ke3 Ke7 48. Bg6 Kf8 49. Bd3 Bd5 50. Be2 Ke7 51. Kd3 Kf8
52. Bd1 Ke7 53. Ba4 Kd8 54. Ke3 Ke7 1/2-1/2

[Event "Liga Madrileña - DH 2012-2013"]
[Site "Madrid ESP"]
[Date "2013.01.27"]
[Round "7.44"]
[White "Martinez Martin, David"]
[Black "Martin Rueda, Daniel"]
[Result "1-0"]
[WhiteElo "2388"]
[BlackElo "2290"]
[PlyCount "71"]
[EventDate "2012.11.18"]
[EventRounds "14"]
[EventCountry "ESP"]
[Source "lmi"]
[SourceDate "2012.11.18"]
[WhiteTeam "Virgen de Atocha"]
[BlackTeam "Amigos del Retiro"]
[WhiteTeamCountry "ESP"]
[BlackTeamCountry "ESP"]

1. e4 c5 2. Nc3 e6 3. Nge2 a6 4. g3 b5 5. Bg2 Bb7 6. d4 cxd4 7. Nxd4 Nf6 8. O-O
b4 9. Na4 Bxe4 10. Bxe4 Nxe4 11. c4 Be7 12. Qf3 f5 13. g4 Nc6 14. Nxc6 dxc6 15.
gxf5 exf5 16. Qxf5 Nf6 17. Qe6 Qd7 18. Re1 Qxe6 19. Rxe6 Kd7 20. Re2 Rae8 21.
Bf4 Kc8 22. Re6 Kb7 23. Rae1 Bd8 24. Nc5+ Ka7 25. Kf1 Rxe6 26. Rxe6 Re8 27.
Rxc6 Bb6 28. Na4 Bd8 29. Be3+ Kb7 30. Rd6 a5 31. Nc5+ Kc8 32. Rc6+ Bc7 33. Bf4
Re7 34. Na6 Ne8 35. Nxc7 Nxc7 36. Rxc7+ 1-0